000 00747nam a2200253 a 4500
001 35577
003 BD-RjUL
005 20211209052339.0
008 140526r19831982 ii a b 001 0 eng d
020 _a0860030369
020 _a0860031349 (pbk.)
035 _a(BD-RjUL)35672
040 _aLC
_beng
_cLC
_dXNTU
_dBD-RjUL
041 _aeng
082 0 4 _a519.5024339
_219
_bHES 1983
100 1 _aHebden, Julia.
_9108327
245 1 0 _aStatistics for economists /
_cJulia Hebden.
260 _aNew Delhi :
_bHeritage,
_c1982 [reprinted 1983].
300 _avi, 201 p. :
_bill. ;
_c24 cm.
504 _aIncludes bibliographies and index.
650 0 _aEconomics
_xStatistical methods.
_95459
942 _2ddc
_cBK
_01
999 _c35577
_d35577